000 00470nam a2200169Ia 4500
005 20250507125800.0
008 008 250505s9999 xx 000 0 kor d
037 _aAudio
040 _aEASL
_beng
_cEASL
041 _akor
_2eng
084 _aCD00092
_qEASL
245 0 _aTeanghwa’bituro guro nean’ = Taenghwa Another Nirvana’Strokes of Light’
365 _aW
_b13200
650 _aKorean
942 _cAUD
_hCD00092
999 _c1313075
_d1313075